Szczegóły MARC21

The fulfilling workplace : the organization's role in achieving individual and organizational health /

005 -DATA I CZAS OSTATNIEJ MODYFIKACJI [,]
    • @
    • pole kontrolne
    • 20140218142321.0
020 -Międzynarod. znormalizowany nr książki - ISBN [ , ]
    • a
    • Numer ISBN
    • 9781409427766 Find
020 -Międzynarod. znormalizowany nr książki - ISBN [ , ]
    • a
    • Numer ISBN
    • 9781409427773 Find
020 -Międzynarod. znormalizowany nr książki - ISBN [ , ]
    • a
    • Numer ISBN
    • 9781409460459 Find
040 -Instytucja sporządzająca opis [ , ]
    • a
    • Instytucja, która sporządziła opis (NP)
    • SZCZ U/SA
    • c
    • Instytucja, która sporządziła rekord (NP)
    • SZCZ U/SA
    • d
    • Instytucja, która zmodyfikowała rekord (P)
    • SZCZ U/ML
041 -Język dokumentu [0, ]
    • a
    • Język tekstu (P)
    • angielski
044 -Kraj miejsca wydania [ , ]
    • a
    • Kraj miejsca wydania
    • Wielka Brytania
    • a
    • Kraj miejsca wydania
    • USA
942 -Rodzaj dokumentu [ , ]
    • c
    • Rodzaj dokumentu
    • Książka
245 -Strefa tytułu i oznaczenia odpowiedzialności [0,4]
    • a
    • Tytuł
    • The fulfilling workplace : Find
    • b
    • Ciąg dalszy tytułu (NP)
    • the organization's role in achieving individual and organizational health / Find
    • c
    • Pozostałe elementy strefy tytułu i oznaczenia odpowiedzialności (NP)
    • ed. by Ronald J. Burke, Cary L. Cooper.
260 -Strefa adresu wydawniczego [ , ]
    • a
    • Miejsce wydania (P)
    • Farnham ;
    • a
    • Miejsce wydania (P)
    • Burlington :
    • b
    • Nazwa wydawcy (P)
    • Gower,
    • c
    • Data wydania (P)
    • 2013.
300 -Strefa opisu fizycznego [ , ]
    • a
    • Określenie formy książki i/lub objętość (NP)
    • XIX, 323 s. ;
    • c
    • Format (NP)
    • 25 cm.
490 -Strefa serii i książki wielotomowej - forma nie do wyszukiwania [1, ]
    • a
    • Tytuł (P)
    • Psychological and Behavioral Aspects of Risk. Find
830 -Hasło dodatkowe serii i opisu książki wielotomowej - tytuł ujednolicony/tytuł [ ,0]
    • 9
    • KHW
    • 66700
    • a
    • Tytuł ujednolicony/tytuł (NP)
    • Psychological and Behavioral Aspects of Risk.
504 -Uwaga dot. bibliogr. załącznikowej [ , ]
    • a
    • Uwaga dot. bibliografii załącznikowej
    • Bibliogr. po rozdz. Indeks.
080 -Uniwersalna Klasyfikacja Dziesiętna [ , ]
    • 2
    • Identyfikator wydania tablic
    • UDC-P058
    • 9
    • UKD
    • 3016
    • a
    • Symbol klasyfikacji
    • 331.101.3
    • b
    • Dopowiedzenie
    • Stosunek do pracy. Motywacja pracy. Morale pracy. Bodźce do pracy. Współzawodnictwo pracy.
    • 4
    • UKD2
    • 7644
    • x
    • Poddział wspólny
    • =111
    • c
    • Dopowiedzenie poddz. wspólnego
    • =Język angielski.
080 -Uniwersalna Klasyfikacja Dziesiętna [ , ]
    • 2
    • Identyfikator wydania tablic
    • UDC-P058
    • 9
    • UKD
    • 2774
    • a
    • Symbol klasyfikacji
    • 316.334.22
    • b
    • Dopowiedzenie
    • Socjologia pracy. Socjologia zawodu.
    • 4
    • UKD2
    • 7644
    • x
    • Poddział wspólny
    • =111
    • c
    • Dopowiedzenie poddz. wspólnego
    • =Język angielski.
080 -Uniwersalna Klasyfikacja Dziesiętna [ , ]
    • 2
    • Identyfikator wydania tablic
    • UDC-P058
    • 9
    • UKD
    • 3009
    • a
    • Symbol klasyfikacji
    • 331.1
    • b
    • Dopowiedzenie
    • Teoria i organizacja pracy. Stosunki między pracodawcami a pracownikami. Polityka kadrowa (w zakładzie pracy)
    • 4
    • UKD2
    • 7644
    • x
    • Poddział wspólny
    • =111
    • c
    • Dopowiedzenie poddz. wspólnego
    • =Język angielski.
980 -Symbol UKD [ , ]
    • a
    • UKD
    • 331.101.3:316.334.22:331.1]=111
700 -Hasło dodatkowe - nazwa osobowa [1, ]
    • 9
    • KHW
    • 66698
    • a
    • Nazwa osobowa (NP)
    • Burke, Ronald J. Find
    • d
    • Daty biograficzne (NP)
    • (1937- ).
700 -Hasło dodatkowe - nazwa osobowa [1, ]
    • 9
    • KHW
    • 66699
    • a
    • Nazwa osobowa (NP)
    • Cooper, Cary L. Find
    • d
    • Daty biograficzne (NP)
    • (1940- ).
710 -Hasło dodatkowe - nazwa ciała zbiorowego [2, ]
    • 4
    • Kod relacji
    • pbl
    • 9
    • KHW
    • 66143
    • a
    • Nazwa ciała zbiorowego lub nazwa geograficzna jako pierwszy element (NP)
    • Gower Publishing.
920 -ISBN [ , ]
    • a
    • ISBN
    • 978-1-4094-2776-6 Find
920 -ISBN [ , ]
    • a
    • ISBN
    • 978-1-4094-2777-3 Find
920 -ISBN [ , ]
    • a
    • ISBN
    • 978-1-4094-6045-9 Find
Status udost. Numer inwentarzowy Lokalizacja Data inwentaryzacji
-2T.13963T2013-12-09
-2TM.10778T2014-03-05